000 00867nam a2200241 a 4500
001 000013749
005 20240306073903.0
008 091130s2008 dr a 000 0 spa d
020 _a9789945112818
040 _aDO-SdBNP
_bspa
_cBNPHU
082 _a372.634
_bC153
245 0 0 _aCaligrafía 1 /
_cdirección editorial Obdulia García de Escobar ; editores Manuel García-Cartagena, María Isabel Incháustegui.
260 _aSanto Domingo :
_bSantillana,
_c2008.
300 _a80 p. :
_bil. ;
_c28 cm.
490 1 _aCoral
650 4 _aCaligrafía
_xEstudio y enseñanza
_930847
650 4 _aCaligrafía
_xTécnica
_930848
650 4 _aCaligrafía
_xLibros de texto
_930849
700 1 _aGarcía Escobar, Obdulia de
_eed.
_929220
700 1 _aGarcía Cartagena, Manuel
_eed.
_912067
700 1 _aIncháustegui, María Isabel,
_eed.
_929568
830 0 _aCoral
_930539
999 _c13362
_d13362